LIBRARY & INFORMATION CENTRE, KCAET, TAVANUR

ONLINE PUBLIC ACCESS CATALOGUE (OPAC)

Normal view MARC view
  • United States Department of Agriculture ,Handbook No. 18

Entry Personal Name

Number of records used in: 1

001 - CONTROL NUMBER

  • control field: 704

003 - CONTROL NUMBER IDENTIFIER

  • control field: OSt

005 - DATE AND TIME OF LATEST TRANSACTION

  • control field: 20160701114933.0

008 - FIXED-LENGTH DATA ELEMENTS

  • fixed length control field: 160701|| aca||aabn | a|a d

040 ## - CATALOGING SOURCE

  • Original cataloging agency: OSt
  • Transcribing agency: OSt

100 ## - HEADING--PERSONAL NAME

  • Personal name: United States Department of Agriculture ,Handbook No. 18

670 ## - SOURCE DATA FOUND

  • Source citation: Work cat.: (OSt)12275: United States Department of Agriculture ,Handbook No. 18, Soil Survey Manual , 2012
free website counter